000 00468nam a2200181Ia 4500
001 4297
005 20260306145745.0
008 260306t2015||||xx |||||||||||||| ||spa||
041 _aESP
082 _a320.6037
_bM12
100 _aMacchiarola, Viviana
_eAUT
245 0 _aPolíticas públicas de inclusión digital:
_bescuelas y subjetividades
260 _c2015
300 _a272 páginas :
_c23 cm.
650 _aGEN
654 _aCDE
942 _cLIB
_dJUS
_fJUS
_2ddc
_n
999 _c4297
_d4297